[Event "Regionalliga Sued-West 1718"]
[Site "Bayern"]
[Date "2017.10.22"]
[Round "1.6"]
[White "Boehm, Uwe"]
[Black "Rebitzer, Winfried"]
[Result "1/2-1/2"]
[WhiteElo "1970"]
[BlackElo "1938"]
[PlyCount "38"]
[EventDate "2017.10.22"]
[EventType "team-tourn"]
[EventRounds "9"]
[EventCountry "GER"]
[SourceTitle "EXT 2022"]
[Source "ChessBase"]
[SourceDate "2021.10.06"]
[SourceVersion "1"]
[SourceVersionDate "2021.10.06"]
[SourceQuality "1"]
[WhiteTeam "Muenchen SC II"]
[BlackTeam "Mering"]
[WhiteTeamCountry "GER"]
[BlackTeamCountry "GER"]

1. d4 Nf6 2. Nf3 e6 3. e3 b6 4. Bd3 Bb7 5. Nbd2 d5 6. 0-0 Nbd7 7. b3 Bd6 8. Bb2 0-0 9. Ne5 Ne4 10. f3 Nxd2 11. Qxd2 f6 12. Nxd7 Qxd7 13. Rad1 c5 14. c4 cxd4 15. exd4 Rfe8 16. Qc2 g6 17. Qe2 Rac8 18. Rc1 Qg7 19. Rc2 Rc7 1/2-1/2

[Event "Regionalliga SW 1617"]
[Site "Bayern"]
[Date "2017.04.02"]
[Round "8.6"]
[White "Rebitzer, Winfried"]
[Black "Schmidt, Hans"]
[Result "1/2-1/2"]
[WhiteElo "1959"]
[BlackElo "2042"]
[PlyCount "45"]
[EventDate "2016.10.16"]
[EventType "team-tourn"]
[EventRounds "9"]
[EventCountry "GER"]
[SourceTitle "EXT 2019"]
[Source "ChessBase"]
[SourceDate "2018.10.10"]
[SourceVersion "1"]
[SourceVersionDate "2018.10.10"]
[SourceQuality "1"]
[WhiteTeam "Mering"]
[BlackTeam "Garching III"]
[WhiteTeamCountry "GER"]
[BlackTeamCountry "GER"]

1. e4 c6 2. d4 d5 3. Nc3 dxe4 4. Nxe4 Bf5 5. Ng3 Bg6 6. Nf3 Nd7 7. Bd3 Bxd3 8. Qxd3 e6 9. Bf4 Ngf6 10. 0-0 Be7 11. c4 0-0 12. Rad1 Rc8 13. Rfe1 Nb6 14. Ne4 h6 15. Nxf6+ Bxf6 16. Be5 Qe7 17. c5 Bxe5 18. Nxe5 Nd5 19. Nc4 Rc7 20. Nd6 Rd8 21. Re4 Nf6 22. Re5 Ne8 23. Nc4 1/2-1/2

[Event "Regionalliga SW 1617"]
[Site "Bayern"]
[Date "2016.11.20"]
[Round "2.4"]
[White "Ciolek, Andreas"]
[Black "Rebitzer, Winfried"]
[Result "1-0"]
[WhiteElo "2179"]
[BlackElo "1959"]
[PlyCount "147"]
[EventDate "2016.10.16"]
[EventType "team-tourn"]
[EventRounds "9"]
[EventCountry "GER"]
[SourceTitle "EXT 2019"]
[Source "ChessBase"]
[SourceDate "2018.10.10"]
[SourceVersion "1"]
[SourceVersionDate "2018.10.10"]
[SourceQuality "1"]
[WhiteTeam "Unterhaching"]
[BlackTeam "Mering"]
[WhiteTeamCountry "GER"]
[BlackTeamCountry "GER"]

1. e4 e5 2. Nf3 Nc6 3. d4 exd4 4. Nxd4 Nf6 5. Nxc6 bxc6 6. e5 Qe7 7. Qe2 Nd5 8. c4 Ba6 9. Nd2 0-0-0 10. Nf3 Re8 11. Qe4 Qb4+ 12. Kd1 f5 13. Qc2 Nb6 14. Bd2 Qc5 15. Be3 Qb4 16. a3 Qe7 17. Bd3 g6 18. Re1 Bg7 19. Rc1 Rhf8 20. c5 Bxd3 21. Qxd3 Nd5 22. Qa6+ Kb8 23. Rc4 Ka8 24. Ra4 Nxe3+ 25. Rxe3 Qxc5 26. Nd4 Bxe5 27. Rb3 Rb8 28. Rc4 Rxb3 29. Rxc5 Bxd4 30. Qc4 Bxc5 31. Qxb3 Re8 32. f3 Re6 33. Qc3 Rd6+ 34. Kc2 Bd4 35. Qe1 h5 36. a4 c5 37. b3 Kb7 38. Qe2 a6 39. Qe8 Bg1 40. h3 Bd4 41. Qf7 Ka7 42. Kd3 Bf2+ 43. Ke2 Bd4 44. Kf1 Kb7 45. Qe8 Bc3 46. Kf2 Bd4+ 47. Kf1 Bc3 48. Qe2 Bd4 49. Qc4 Ka7 50. b4 Rc6 51. Qd5 Rd6 52. Qc4 Rc6 53. Qd5 Rd6 54. Qc4 Rc6 55. g3 Kb6 56. f4 Be3 57. Qd3 Bd4 58. a5+ Kb7 59. Qc4 Ka7 60. Kg2 Kb7 61. Kf3 Bg1 62. Kg2 Be3 63. Qb3 Bd4 64. bxc5+ Kc8 65. Qg8+ Kb7 66. Qd5 Bxc5 67. Qxd7 Rd6 68. Qf7 Ba7 69. Qb3+ Kc8 70. Qc4 Kd7 71. Kf3 Kc8 72. Ke2 Kd7 73. Qg8 Kc6 74. Qa8+ 1-0

[Event "Regionalliga SW 1314"]
[Site "Bayern"]
[Date "2013.11.10"]
[Round "2.8"]
[White "Watzenberger, Stefan"]
[Black "Rebitzer, Winfried"]
[Result "1/2-1/2"]
[WhiteElo "1999"]
[BlackElo "1977"]
[PlyCount "97"]
[EventDate "2013.10.13"]
[EventType "team-tourn"]
[EventRounds "9"]
[EventCountry "GER"]
[SourceTitle "EXT 2015"]
[Source "ChessBase"]
[SourceDate "2014.11.20"]
[SourceVersion "1"]
[SourceVersionDate "2014.11.20"]
[SourceQuality "1"]
[WhiteTeam "Sendling"]
[BlackTeam "Mering"]
[WhiteTeamCountry "GER"]
[BlackTeamCountry "GER"]

1. e4 e5 2. f4 d5 3. exd5 e4 4. d3 Nf6 5. Nc3 Bb4 6. Bd2 0-0 7. Nxe4 Bxd2+ 8. Qxd2 Re8 9. 0-0-0 Nxd5 10. Nf3 Nc6 11. h3 a5 12. g4 a4 13. c4 Nb6 14. Qc3 Qe7 15. f5 a3 16. f6 axb2+ 17. Qxb2 Qa3 18. Qxa3 Rxa3 19. Kb2 Ra5 20. Nc3 Be6 21. Nb5 Na4+ 22. Kc2 Nb4+ 23. Kd2 Rd8 24. Nfd4 Bc8 25. a3 Nc6 26. Nb3 Ra6 27. Nxc7 Rb6 28. Nb5 Ne5 29. Kc2 h5 30. Be2 hxg4 31. hxg4 Rxf6 32. Rdf1 Nxg4 33. Bxg4 Rxf1 34. Rxf1 Bxg4 35. d4 Be2 36. Rf2 Bxc4 37. Nc3 Bxb3+ 38. Kxb3 Nb6 39. Rd2 Nd5 40. Nxd5 Rxd5 41. Kc4 Rd7 42. d5 f6 43. d6 Kf7 44. Kd5 g5 45. Rh2 g4 46. Rh7+ Ke8 47. Rh8+ Kf7 48. Rh7+ Ke8 49. Rh8+ 1/2-1/2

[Event "Bad Woerishofen op 27th"]
[Site "Bad Woerishofen"]
[Date "2011.03.24"]
[Round "1"]
[White "Rebitzer, Winfried"]
[Black "Pirrot, Dieter"]
[Result "0-1"]
[WhiteElo "2023"]
[BlackElo "2393"]
[PlyCount "88"]
[EventDate "2011.03.24"]
[EventType "swiss"]
[EventRounds "9"]
[EventCountry "GER"]
[SourceTitle "EXT 2012"]
[Source "ChessBase"]
[SourceDate "2011.11.24"]
[SourceVersion "1"]
[SourceVersionDate "2011.11.24"]
[SourceQuality "1"]

1. e4 e6 2. d4 d5 3. Nd2 Nf6 4. e5 Nfd7 5. Bd3 c5 6. c3 Nc6 7. Ne2 cxd4 8. cxd4 f6 9. exf6 Nxf6 10. Nf3 Bd6 11. Bg5 0-0 12. 0-0 Qc7 13. Nc3 a6 14. Bh4 Nh5 15. Ng5 g6 16. g3 Qg7 17. Be2 Nxd4 18. Bxh5 gxh5 19. f4 Bd7 20. Qxh5 h6 21. Nh3 e5 22. Nxd5 Bg4 23. Nf6+ Rxf6 24. Bxf6 Bxh5 25. Bxg7 Kxg7 26. fxe5 Bc5 27. Nf4 Be8 28. h3 Nc2+ 29. Kh2 Nxa1 30. Ne6+ Kg8 31. Nxc5 Rc8 32. Ne6 Nc2 33. Rf8+ Kh7 34. Rf6 Ne3 35. Nf8+ Kg8 36. g4 Nd5 37. Rf2 Bf7 38. Nd7 Rc7 39. Nf6+ Nxf6 40. exf6 Bxa2 41. h4 Kf7 42. Kg3 Be6 43. g5 hxg5 44. hxg5 Rc5 0-1

[Event "Deizisau Herbst op 1st"]
[Site "Deizisau"]
[Date "2006.10.30"]
[Round "2"]
[White "Rebitzer, Winfried"]
[Black "Anistratov, Dmitrij"]
[Result "0-1"]
[WhiteElo "2094"]
[BlackElo "2364"]
[PlyCount "124"]
[EventDate "2006.10.29"]
[EventType "swiss"]
[EventRounds "7"]
[EventCountry "GER"]
[SourceTitle "EXT 2022"]
[Source "ChessBase"]
[SourceDate "2021.10.06"]
[SourceVersion "1"]
[SourceVersionDate "2021.10.06"]
[SourceQuality "1"]

1. d4 d6 2. Nf3 Nf6 3. e3 g6 4. Bd3 Bg7 5. 0-0 0-0 6. c3 Nbd7 7. Nbd2 e5 8. Re1 a5 9. b3 Re8 10. e4 Nh5 11. Nc4 b5 12. Ne3 b4 13. cxb4 exd4 14. Nc2 axb4 15. Nxb4 Bb7 16. Bb2 c5 17. Nc2 Nf4 18. g3 Nxd3 19. Qxd3 Qe7 20. Qb5 Reb8 21. Qd3 Ba6 22. Qd2 Qf6 23. Kg2 Ne5 24. Nxe5 dxe5 25. Na3 Bf8 26. Rec1 Qe6 27. Nc4 h5 28. Qg5 Kh7 29. Rc2 Bh6 30. Qh4 f6 31. Bc1 Bc8 32. f3 Rxb3 33. axb3 Rxa1 34. Bxh6 Kxh6 35. g4 Ra7 36. h3 Rf7 37. Kh2 Rh7 38. Rg2 g5 39. Qe1 hxg4 40. hxg4 Qa6 41. Kg3 Kg6 42. Qa5 Qxa5 43. Nxa5 Ra7 44. Nc4 Be6 45. Rc2 Bxc4 46. Rxc4 Ra5 47. b4 cxb4 48. Rxb4 Ra7 49. Rb6 Kf7 50. Kf2 Ke7 51. Ke2 Ra2+ 52. Ke1 Rc2 53. Ra6 Rh2 54. Rb6 Rh6 55. Ra6 Rh8 56. Ra7+ Kd6 57. Ra6+ Kc5 58. Rxf6 Kc4 59. Ra6 d3 60. Ra4+ Kc3 61. Ra7 d2+ 62. Ke2 Rh2+ 0-1

[Event "Bayern-ch 75th"]
[Site "Ingolstadt"]
[Date "2006.09.10"]
[Round "8"]
[White "Rebitzer, Winfried"]
[Black "Urytskyy, Arkadiy"]
[Result "0-1"]
[WhiteElo "2168"]
[BlackElo "2169"]
[PlyCount "90"]
[EventDate "2004.09.04"]
[EventType "swiss"]
[EventRounds "9"]
[EventCountry "GER"]
[SourceTitle "EXT 2015"]
[Source "ChessBase"]
[SourceDate "2014.11.20"]
[SourceVersion "1"]
[SourceVersionDate "2014.11.20"]
[SourceQuality "1"]

1. e4 c5 2. Nf3 d6 3. d4 cxd4 4. Nxd4 Nf6 5. Nc3 g6 6. Be3 Bg7 7. Qd2 Ng4 8. Bg5 h6 9. Bh4 Nc6 10. Nb3 0-0 11. 0-0-0 a5 12. a4 Be6 13. Nd5 Rc8 14. Kb1 Bxd5 15. exd5 Nb4 16. c3 Na6 17. Re1 g5 18. Bg3 Ne5 19. f4 Nc4 20. Bxc4 Rxc4 21. fxg5 h5 22. Bf2 Qd7 23. Bd4 Rxd4 24. Nxd4 Qxa4 25. Nf5 Ra8 26. Nxg7 Nb4 27. cxb4 axb4 28. Qd4 Qa2+ 29. Kc2 Rc8+ 30. Kd1 Rc4 31. Qd3 Qa1+ 32. Ke2 Qxb2+ 33. Ke3 Rc3 34. Nxh5 Rxd3+ 35. Kxd3 Qxg2 36. Nf6+ exf6 37. gxf6 Qxd5+ 38. Kc2 Qc4+ 39. Kb2 Qc3+ 40. Kb1 b3 41. Rhg1+ Kf8 42. Rc1 Qxf6 43. Rgf1 Qd4 44. Rfd1 Qf2 45. Rc3 Qa2+ 0-1

[Event "Bayern-ch 75th"]
[Site "Ingolstadt"]
[Date "2004.09.08"]
[Round "6"]
[White "Rebitzer, Winfried"]
[Black "Pitschka, Claus"]
[Result "0-1"]
[WhiteElo "2168"]
[BlackElo "2246"]
[PlyCount "108"]
[EventDate "2004.09.04"]
[EventType "swiss"]
[EventRounds "9"]
[EventCountry "GER"]
[SourceTitle "EXT 2015"]
[Source "ChessBase"]
[SourceDate "2014.11.20"]
[SourceVersion "1"]
[SourceVersionDate "2014.11.20"]
[SourceQuality "1"]

1. d4 d5 2. Nf3 Nf6 3. e3 c6 4. Bd3 Bg4 5. 0-0 Nbd7 6. Nbd2 e5 7. dxe5 Nxe5 8. Be2 Nxf3+ 9. Bxf3 Bxf3 10. Qxf3 Bd6 11. c4 0-0 12. cxd5 Nxd5 13. Nc4 Bxh2+ 14. Kxh2 Qh4+ 15. Kg1 Qxc4 16. b3 Qc2 17. Rd1 Rad8 18. Rd2 Qc3 19. Rb1 Nf6 20. Qd1 Rxd2 21. Bxd2 Qd3 22. Ba5 Qxd1+ 23. Rxd1 Rc8 24. Bc3 Nd5 25. Bd4 b6 26. e4 Nf4 27. Be3 Ne6 28. Rd7 Rc7 29. Rd2 f6 30. f4 Nf8 31. Rd6 Kf7 32. f5 Nd7 33. Bf4 Ne5 34. Bxe5 fxe5 35. Kf2 c5 36. Ke3 Ke8 37. Rd5 c4 38. Rxe5+ Kf7 39. Rd5 c3 40. Rd1 c2 41. Rc1 Kf6 42. Kf4 g5+ 43. fxg6 hxg6 44. Ke3 Ke5 45. Kd3 g5 46. Rxc2 Rxc2 47. Kxc2 Kxe4 48. Kd2 Kf4 49. Ke2 Kg3 50. Kf1 Kh2 51. Kf2 g4 52. g3 Kh3 53. b4 b5 54. a3 a6 0-1

[Event "Bayern-ch 75th"]
[Site "Ingolstadt"]
[Date "2004.09.06"]
[Round "3"]
[White "Sailer, Wolfgang"]
[Black "Rebitzer, Winfried"]
[Result "1-0"]
[WhiteElo "2207"]
[BlackElo "2168"]
[PlyCount "47"]
[EventDate "2004.09.04"]
[EventType "swiss"]
[EventRounds "9"]
[EventCountry "GER"]
[SourceTitle "EXT 2015"]
[Source "ChessBase"]
[SourceDate "2014.11.20"]
[SourceVersion "1"]
[SourceVersionDate "2014.11.20"]
[SourceQuality "1"]

1. d4 Nf6 2. c4 e6 3. Nc3 c5 4. d5 exd5 5. cxd5 d6 6. e4 g6 7. f4 Bg7 8. Nf3 0-0 9. Be2 Re8 10. e5 dxe5 11. fxe5 Ng4 12. 0-0 Nxe5 13. Bf4 Bf5 14. Nxe5 Bxe5 15. Qd2 Bd4+ 16. Kh1 Qe7 17. d6 Qe6 18. Bf3 Nc6 19. Rae1 Qd7 20. Nd5 Rxe1 21. Rxe1 Re8 22. Rxe8+ Qxe8 23. Qxd4 cxd4 24. Nf6+ 1-0

[Event "Bayern-ch 75th"]
[Site "Ingolstadt"]
[Date "2004.09.04"]
[Round "1"]
[White "Horvath, Laszlo"]
[Black "Rebitzer, Winfried"]
[Result "1-0"]
[WhiteElo "2103"]
[BlackElo "2168"]
[PlyCount "129"]
[EventDate "2004.09.04"]
[EventType "swiss"]
[EventRounds "9"]
[EventCountry "GER"]
[SourceTitle "EXT 2015"]
[Source "ChessBase"]
[SourceDate "2014.11.20"]
[SourceVersion "1"]
[SourceVersionDate "2014.11.20"]
[SourceQuality "1"]

1. e4 c6 2. d4 d5 3. exd5 cxd5 4. c4 Nf6 5. Nc3 Nc6 6. Bg5 dxc4 7. Nf3 Bg4 8. d5 Ne5 9. Bxc4 Nxc4 10. Qa4+ Qd7 11. Qxc4 Bxf3 12. gxf3 Rc8 13. Qd3 h6 14. Bxf6 exf6 15. 0-0-0 Bc5 16. Rhe1+ Kf8 17. d6 Rc6 18. Re7 Qxd6 19. Rxb7 Qxd3 20. Rxd3 Kg8 21. Rdd7 f5 22. Rxf7 Bd4 23. Kd2 Kh7 24. Rfd7 Be5 25. Rxa7 Rb6 26. Nd1 Rg8 27. Rab7 Rxb7 28. Rxb7 Bxh2 29. Ke2 Re8+ 30. Kf1 h5 31. Ne3 Kg6 32. Kg2 Bf4 33. Nd5 Be5 34. b4 Bd4 35. Rd7 Bb2 36. b5 Ra8 37. b6 Rxa2 38. b7 Be5 39. Re7 Bb8 40. Re8 Ba7 41. b8Q Rxf2+ 42. Kg1 Ra2+ 43. Qxa7 Rxa7 44. Kg2 Ra2+ 45. Kg3 Ra4 46. Rf8 Ra7 47. Nf4+ Kg5 48. Nh3+ Kg6 49. Rh8 Kf6 50. Rxh5 g6 51. Rh8 Rg7 52. Rf8+ Ke5 53. f4+ Ke6 54. Ng5+ Ke7 55. Rh8 Kd6 56. Rd8+ Ke7 57. Ra8 Kd6 58. Nf3 Kd5 59. Rd8+ Ke4 60. Re8+ Kd5 61. Kh4 Rh7+ 62. Kg5 Rh3 63. Nh4 Rg3+ 64. Kf6 g5 65. Nxf5 1-0

[Event "Munich op 23rd"]
[Site "Munich"]
[Date "2003.10.01"]
[Round "5"]
[White "Wohl, Aleksandar H"]
[Black "Rebitzer, Winfried"]
[Result "1-0"]
[WhiteElo "2374"]
[BlackElo "2155"]
[PlyCount "97"]
[EventDate "2003.09.27"]
[EventType "swiss"]
[EventRounds "9"]
[EventCountry "GER"]
[SourceTitle "EXT 2004"]
[Source "ChessBase"]
[SourceDate "2003.11.25"]
[SourceVersion "1"]
[SourceVersionDate "2003.11.25"]
[SourceQuality "1"]

1. c4 e6 2. Nf3 Nf6 3. g3 d5 4. Bg2 Be7 5. 0-0 0-0 6. b3 b6 7. Bb2 Bb7 8. Ne5 Nbd7 9. d4 c5 10. dxc5 Nxc5 11. Nd2 Rc8 12. b4 Nce4 13. Nxe4 Nxe4 14. Qa4 Bd6 15. cxd5 Bxd5 16. Rac1 Qe7 17. Nc6 Qb7 18. b5 f5 19. f3 Bc5+ 20. Bd4 Bxc6 21. bxc6 Qxc6 22. Qxc6 Rxc6 23. fxe4 Bxd4+ 24. Kh1 Rc5 25. exf5 Rfxf5 26. Bh3 Rfe5 27. Rcd1 Rcd5 28. Rf3 Rxe2 29. Rf4 Bf6 30. Bxe6+ Rxe6 31. Rxd5 a5 32. Kg2 Kf7 33. Kf3 Ke7 34. Re4 Rxe4 35. Kxe4 Ke6 36. a4 g6 37. g4 Be7 38. Rd3 h5 39. gxh5 gxh5 40. Rd5 h4 41. Rh5 Bd8 42. Rh6+ Kf7 43. Kf5 Kg8 44. h3 Be7 45. Rxb6 Bb4 46. Rh6 Be1 47. Re6 Bg3 48. Kg6 Kf8 49. Re4 1-0

[Event "Bayern-ch 73rd"]
[Site "Pfarrkirchen"]
[Date "2002.08.31"]
[Round "9"]
[White "Koller, Reinhard"]
[Black "Rebitzer, Winfried"]
[Result "0-1"]
[WhiteElo "2151"]
[BlackElo "2066"]
[PlyCount "64"]
[EventDate "2002.08.24"]
[EventType "swiss"]
[EventRounds "9"]
[EventCountry "GER"]
[SourceTitle "EXT 2015"]
[Source "ChessBase"]
[SourceDate "2014.11.20"]
[SourceVersion "1"]
[SourceVersionDate "2014.11.20"]
[SourceQuality "1"]

1. e4 c5 2. Nf3 Nc6 3. Bb5 Qc7 4. 0-0 a6 5. Bxc6 Qxc6 6. Nc3 g6 7. d4 Bg7 8. d5 Qb6 9. e5 Nh6 10. Na4 Qa5 11. c4 0-0 12. Bd2 Qc7 13. Qe1 b6 14. h3 d6 15. Qc1 Nf5 16. g4 Nd4 17. Nxd4 cxd4 18. exd6 exd6 19. b3 f5 20. g5 f4 21. Bxf4 Bxh3 22. Re1 b5 23. cxb5 Qf7 24. Re4 Rac8 25. Qe1 axb5 26. Kh2 d3 27. Kxh3 Bxa1 28. Nb6 Bc3 29. Qh1 Qf5+ 30. Kg3 Rce8 31. Rxe8 Qxf4+ 32. Kh3 Rxe8 0-1

[Event "Bayern-ch 73rd"]
[Site "Pfarrkirchen"]
[Date "2002.08.27"]
[Round "5"]
[White "Reich, Thomas"]
[Black "Rebitzer, Winfried"]
[Result "1-0"]
[WhiteElo "2349"]
[BlackElo "2066"]
[PlyCount "95"]
[EventDate "2002.08.24"]
[EventType "swiss"]
[EventRounds "9"]
[EventCountry "GER"]
[SourceTitle "EXT 2015"]
[Source "ChessBase"]
[SourceDate "2014.11.20"]
[SourceVersion "1"]
[SourceVersionDate "2014.11.20"]
[SourceQuality "1"]

1. d4 Nf6 2. c4 e6 3. Nf3 c5 4. d5 exd5 5. cxd5 d6 6. Nc3 g6 7. Bg5 Bg7 8. e3 0-0 9. Nd2 a6 10. a4 Nbd7 11. Be2 Re8 12. 0-0 b6 13. h3 Bb7 14. Nc4 Ne5 15. b3 h6 16. Bh4 Qc7 17. Rb1 Rab8 18. Bg3 Nfd7 19. Qd2 Re7 20. Kh1 Rbe8 21. Rbe1 Bc8 22. Bd1 Kh7 23. Bc2 Nxc4 24. bxc4 Ne5 25. Bb3 Nd7 26. Bd1 Ne5 27. Be2 Nd7 28. Rb1 Kg8 29. Rb3 Kh7 30. Rfb1 h5 31. Bh4 Re5 32. Nd1 Re4 33. f4 Rf8 34. Nf2 Ree8 35. Bd3 a5 36. Ne4 Ba6 37. Qe2 Kg8 38. Qf3 Kh7 39. g4 hxg4 40. hxg4 Kg8 41. g5 Qb8 42. Kg2 Qc7 43. Kf2 Rb8 44. Rh1 Rfe8 45. Nf6+ Bxf6 46. gxf6 Qd8 47. Qh3 Nxf6 48. Bg5 1-0

[Event "Neckar op-A 5th"]
[Site "Deizisau"]
[Date "2001.04.12"]
[Round "1"]
[White "Schlosser, Philipp"]
[Black "Rebitzer, Winfried"]
[Result "1-0"]
[WhiteElo "2493"]
[BlackElo "2099"]
[PlyCount "51"]
[EventDate "2001.04.12"]
[EventType "swiss"]
[EventRounds "9"]
[EventCountry "GER"]
[SourceTitle "CBM 081 Extra"]
[Source "ChessBase"]
[SourceDate "2001.05.06"]
[SourceVersion "1"]
[SourceVersionDate "2001.05.06"]
[SourceQuality "1"]

1. d4 Nf6 2. c4 e6 3. Nc3 c5 4. d5 exd5 5. cxd5 d6 6. e4 g6 7. f4 Bg7 8. Bb5+ Nfd7 9. a4 0-0 10. Nf3 Re8 11. 0-0 a6 12. Be2 Nf6 13. e5 dxe5 14. fxe5 Ng4 15. Bg5 Qb6 16. d6 Be6 17. Nd5 Bxd5 18. Qxd5 Nd7 19. Bc4 Ngxe5 20. Nxe5 Nxe5 21. Rxf7 Nxf7 22. Qxf7+ Kh8 23. Bf6 Rg8 24. Re1 Qxb2 25. Qxg7+ Rxg7 26. Bxb2 1-0

[Event "Passau op 8th"]
[Site "Passau"]
[Date "2000.04.24"]
[Round "7"]
[White "Roski, Ferdinand"]
[Black "Rebitzer, Winfried"]
[Result "1-0"]
[WhiteElo "2205"]
[BlackElo "1924"]
[PlyCount "45"]
[EventDate "2000.04.21"]
[EventType "swiss"]
[EventRounds "7"]
[EventCountry "GER"]
[SourceTitle "CBM 076 Extra"]
[Source "ChessBase"]
[SourceDate "2000.07.11"]
[SourceVersion "1"]
[SourceVersionDate "2000.07.11"]
[SourceQuality "1"]

1. Nf3 Nf6 2. g3 g6 3. Bg2 Bg7 4. 0-0 0-0 5. d3 d5 6. Nbd2 c5 7. e4 dxe4 8. dxe4 Nc6 9. Qe2 e5 10. c3 h6 11. Nc4 Qc7 12. Nh4 b5 13. Ne3 Rb8 14. f4 exf4 15. gxf4 Re8 16. e5 Nh7 17. Qf2 Bb7 18. Nd5 Qd8 19. Rd1 Qc8 20. Be3 g5 21. fxg5 hxg5 22. Nf5 Nxe5 23. Nfe7+ 1-0

[Event "Passau op 8th"]
[Site "Passau"]
[Date "2000.04.21"]
[Round "1"]
[White "Klundt, Klaus"]
[Black "Rebitzer, Winfried"]
[Result "1-0"]
[WhiteElo "2398"]
[BlackElo "1924"]
[PlyCount "56"]
[EventDate "2000.04.21"]
[EventType "swiss"]
[EventRounds "7"]
[EventCountry "GER"]
[SourceTitle "CBM 076 Extra"]
[Source "ChessBase"]
[SourceDate "2000.07.11"]
[SourceVersion "1"]
[SourceVersionDate "2000.07.11"]
[SourceQuality "1"]

1. e4 e5 2. Nf3 Nc6 3. Bb5 a6 4. Ba4 Nf6 5. 0-0 Be7 6. Re1 b5 7. Bb3 0-0 8. d4 d6 9. c3 Bg4 10. d5 Na5 11. Bc2 c6 12. h3 Bh5 13. dxc6 Nxc6 14. Nbd2 d5 15. exd5 Qxd5 16. Qe2 Rfd8 17. Ne4 Bg6 18. Rd1 Qc4 19. Bd3 Qe6 20. Nfg5 Qc8 21. Nxf6+ Bxf6 22. Ne4 Be7 23. Bc2 b4 24. Ba4 Qc7 25. Qc4 Rdc8 26. Be3 bxc3 27. Nxc3 Bd8 28. Bxc6 Qxc6 1-0

[Event "Passau op 7th"]
[Site "Passau"]
[Date "1999.04.03"]
[Round "4"]
[White "Hahn, Dietmar"]
[Black "Rebitzer, Winfried"]
[Result "1/2-1/2"]
[WhiteElo "2146"]
[BlackElo "1872"]
[PlyCount "43"]
[EventDate "1999.04.02"]
[EventType "swiss"]
[EventRounds "7"]
[EventCountry "GER"]
[SourceTitle "EXT 2000"]
[Source "ChessBase"]
[SourceDate "1999.11.16"]
[SourceVersion "1"]
[SourceVersionDate "1999.11.16"]
[SourceQuality "1"]

1. e4 e5 2. Nf3 Nc6 3. d4 exd4 4. Nxd4 Nf6 5. Nxc6 bxc6 6. Bd3 Be7 7. e5 Nd5 8. Qg4 g6 9. Bh6 Bf8 10. Bxf8 Kxf8 11. h4 d6 12. Qd4 Qe7 13. f4 f6 14. 0-0 Kg7 15. exf6+ Qxf6 16. Qxf6+ Nxf6 17. Nc3 Bg4 18. Rae1 Rae8 19. Rxe8 Rxe8 20. f5 Nd5 21. fxg6 hxg6 22. Nxd5 1/2-1/2

[Event "Passau op 7th"]
[Site "Passau"]
[Date "1999.04.02"]
[Round "1"]
[White "Rebitzer, Winfried"]
[Black "Bromberger, Stefan"]
[Result "1/2-1/2"]
[WhiteElo "1872"]
[BlackElo "2288"]
[PlyCount "82"]
[EventDate "1999.04.02"]
[EventType "swiss"]
[EventRounds "7"]
[EventCountry "GER"]
[SourceTitle "EXT 2000"]
[Source "ChessBase"]
[SourceDate "1999.11.16"]
[SourceVersion "1"]
[SourceVersionDate "1999.11.16"]
[SourceQuality "1"]

1. e4 c5 2. Nf3 Nc6 3. d4 cxd4 4. Nxd4 Nf6 5. Nc3 e5 6. Ndb5 d6 7. Be3 a6 8. Na3 Be6 9. Nc4 b5 10. Nb6 Rb8 11. Nbd5 Bxd5 12. exd5 Ne7 13. a3 g6 14. Qf3 Bg7 15. Bg5 Nf5 16. Ne4 Qa5+ 17. b4 Nxe4 18. bxa5 Nxg5 19. Qb3 e4 20. c3 Rc8 21. Rc1 Nh4 22. c4 0-0 23. Qg3 Nf5 24. Qb3 e3 25. f3 Nd4 26. Qd3 e2 27. h4 exf1Q+ 28. Rxf1 Rfe8+ 29. Kf2 Nf5 30. Kg1 Nxh4 31. cxb5 Rxc1 32. Rxc1 axb5 33. Qxb5 Bd4+ 34. Kh2 Re3 35. a6 Rxa3 36. f4 Nh3 37. g3 Nxf4 38. gxf4 Ra2+ 39. Kh3 Ra3+ 40. Kh2 Ra2+ 41. Kh3 Ra3+ 1/2-1/2

[Event "Passau op 6th"]
[Site "Passau"]
[Date "1998.04.11"]
[Round "3"]
[White "Seidl, Juergen"]
[Black "Rebitzer, Winfried"]
[Result "1-0"]
[WhiteElo "2126"]
[BlackElo "1889"]
[PlyCount "77"]
[EventDate "1998.04.10"]
[EventType "swiss"]
[EventRounds "7"]
[EventCountry "GER"]
[SourceTitle "EXT 1999"]
[Source "ChessBase"]
[SourceDate "1998.11.16"]
[SourceVersion "1"]
[SourceVersionDate "1998.11.16"]
[SourceQuality "1"]

1. d4 Nf6 2. c4 e6 3. Nc3 c5 4. d5 exd5 5. cxd5 d6 6. Nf3 g6 7. e4 Bg7 8. Bg5 a6 9. a4 Bg4 10. Be2 Nbd7 11. 0-0 0-0 12. h3 Bxf3 13. Bxf3 Re8 14. Qd2 Rb8 15. Bf4 Qc7 16. Rab1 b5 17. axb5 axb5 18. b4 c4 19. Ra1 Rb7 20. Ra5 Reb8 21. Rfa1 Ne8 22. R1a3 Ne5 23. Be2 Qd8 24. Be3 Nc7 25. f4 Nd7 26. Bf3 Ra8 27. e5 Rxa5 28. Rxa5 Nf8 29. exd6 Qxd6 30. Ne4 Qd8 31. d6 Nce6 32. Nf6+ Qxf6 33. Bxb7 c3 34. Qf2 Nd4 35. Ra6 c2 36. Be4 Nf5 37. Bxf5 Qxf5 38. Rc6 Qd3 39. Qd2 1-0

[Event "Passau op 6th"]
[Site "Passau"]
[Date "1998.04.10"]
[Round "1"]
[White "Roth, Peter"]
[Black "Rebitzer, Winfried"]
[Result "1-0"]
[WhiteElo "2265"]
[BlackElo "1889"]
[PlyCount "48"]
[EventDate "1998.04.10"]
[EventType "swiss"]
[EventRounds "7"]
[EventCountry "GER"]
[SourceTitle "EXT 1999"]
[Source "ChessBase"]
[SourceDate "1998.11.16"]
[SourceVersion "1"]
[SourceVersionDate "1998.11.16"]
[SourceQuality "1"]

1. e4 e5 2. Nf3 Nc6 3. Nc3 Nf6 4. g3 Bc5 5. Bg2 d5 6. exd5 Nxd5 7. 0-0 0-0 8. d3 Bg4 9. h3 Bh5 10. g4 Nxc3 11. bxc3 Bg6 12. Qe2 Re8 13. Nd2 f5 14. gxf5 Bxf5 15. Ne4 Bb6 16. Bg5 Qd7 17. Kh2 Ne7 18. Rg1 Ng6 19. Raf1 Rf8 20. Ng3 c6 21. Nxf5 Qxf5 22. Be3 Nf4 23. Qf3 Bc7 24. Qg3 Ne2 1-0